LEADER 00735nam0-22002771i-450- 001 990000158900403321 035 $a000015890 035 $aFED01000015890 035 $a(Aleph)000015890FED01 035 $a000015890 100 $a20011111d--------km-y0itay50------ba 101 0 $aita 105 $ay-------001yy 200 1 $aPompe da drenaggio e fognature$fLowara. 210 $aMontecchio Maggiore$cLowara$eITT industries$d2000 610 0 $aPompe 676 $a621.6 710 02$aLOWARA$0334071 801 0$aIT$bUNINA$gRICA$2UNIMARC 901 $aBK 912 $a990000158900403321 952 $a13 N 27 17$b12117$fFINBC 959 $aFINBC 996 $aPompe da drenaggio e fognature$9121665 997 $aUNINA DB $aING01 LEADER 01228cam0-2200409---450- 001 990009366630403321 005 20150218094548.0 010 $a978-88-348-0694-4 035 $a000936663 035 $aFED01000936663 035 $a(Aleph)000936663FED01 035 $a000936663 100 $a20110525d2010----km-y0itay50------ba 101 0 $aita 102 $aIT 105 $aa-------001yy 200 1 $aContabilità generale e bilancio d'impresa$fa cura di Paolo Andrei e Anna Maria Fellegara 205 $aEdizione aggiornata 210 $aTorino$cGiappichelli$dc2010 215 $aXII, 335 p.$cill.$d24 cm 225 1 $aDeterminazione e comunicazione del valore nelle aziende$iSerie Didattica$v1 610 0 $aContabilità$aBilancio 676 $a647$v21$zita 702 1$aAndrei,$bPaolo$f<1962- > 702 1$aFellegara,$bAnna Maria 801 0$aIT$bUNINA$gREICAT$2UNIMARC 901 $aBK 912 $a990009366630403321 952 $aVI H 811$b47589$fFSPBC 952 $aVI H 812$b47590$fFSPBC 952 $aAZRAG95a$b19749$fDECBC 952 $aVI F 1245$fDDA 959 $aDECBC 959 $aFSPBC 959 $aDDA 996 $aContabilità generale e bilancio d'impresa$9709079 997 $aUNINA LEADER 00885nam0-22002891i-450 001 990001658690403321 005 20190529131315.0 035 $a000165869 035 $aFED01000165869 035 $a(Aleph)000165869FED01 035 $a000165869 100 $a20030910d1951----km-y0itay50------ba 101 0 $aita 200 1 $aAlcune varietà unifere di fico coltivate in Provincia di Lecce$fGiacinto Donno 210 $aPortici$c...$d1951 215 $a31 p.$d20 cm 300 $aEstr. da: Annali Facoltà Agraria Università di Napoli, ser.3,19,1950-51. 610 0 $aFichi 676 $a634.37 700 1$aDonno,$bGiacinto$037252 801 0$aIT$bUNINA$gRICA$2UNIMARC 901 $aLG 912 $a990001658690403321 952 $a60 OP. 1/21$b34940$fFAGBC 959 $aFAGBC 996 $aAlcune varietà unifere di fico coltivate in Provincia di Lecce$9372875 997 $aUNINA LEADER 00864nam0-2200289 --450 001 9910348957103321 005 20191126093454.0 010 $a978-88-6787-337-1 020 $aIT$b2015-3348 100 $a20191126d2015----kmuy0itay5050 ba 101 0 $aita 102 $aIT 105 $a 001yy 200 1 $aPercorsi religiosi al femminile tra società, politica e fede$fa cura di Marco Bolzonella 210 $aPadova$cCLEUP$d2015 215 $a95 p.$d24 cm 225 1 $aQuaderni della Societas veneta$v1 610 0 $aDonne$aReligiosità 676 $a200.82$v23$zita 702 1$aBolzonella,$bMarco 801 0$aIT$bUNINA$gREICAT$2UNIMARC 901 $aBK 912 $a9910348957103321 952 $aXIV L 148$b1787/2019$fFSPBC 959 $aFSPBC 996 $aPercorsi religiosi al femminile tra società, politica e fede$91566476 997 $aUNINA